[Event "Medellin U2000 op"]
[Site "Medellin"]
[Date "2022.05.20"]
[Round "3"]
[White "Vahos Correa, Nicolas"]
[Black "Gomez, Hernan Alberto"]
[Result "0-1"]
[WhiteElo "1281"]
[BlackElo "1785"]
[PlyCount "68"]
[EventDate "2022.05.18"]
[EventType "swiss"]
[EventRounds "7"]
[EventCountry "COL"]
[SourceTitle "CBM 208 Extra"]
[Source "ChessBase"]
[SourceDate "2022.07.31"]
[SourceVersion "1"]
[SourceVersionDate "2022.07.31"]
[SourceQuality "1"]

1. e4 d6 2. Nf3 Nf6 3. Nc3 g6 4. d4 Bg7 5. Be3 Ng4 6. Bf4 0-0 7. h3 Nf6 8. Bc4 Nxe4 9. Nxe4 d5 10. Bd3 dxe4 11. Bxe4 c5 12. Be5 f6 13. Bxb8 Rxb8 14. dxc5 Qa5+ 15. c3 f5 16. Bd5+ e6 17. Bb3 Rd8 18. Qe2 Bxc3+ 19. Kf1 Bf6 20. Bxe6+ Kg7 21. Bb3 Bd7 22. Kg1 Qxc5 23. h4 Re8 24. Qd2 Bc6 25. Ng5 Rbd8 26. Qf4 Rd4 27. Qc7+ Rd7 28. Qf4 Rde7 29. Nf3 Re2 30. Qg3 f4 31. Qh3 Qxf2+ 32. Kh2 Bxf3 33. Rag1 Bxh4 34. Rf1 Bg3+ 0-1

[Event "Manizales op 27th"]
[Site "Manizales"]
[Date "2022.01.07"]
[Round "3"]
[White "Torres, Juan Camilo"]
[Black "Gomez, Hernan Alberto"]
[Result "1-0"]
[WhiteElo "2324"]
[BlackElo "1704"]
[PlyCount "79"]
[EventDate "2022.01.06"]
[EventType "swiss"]
[EventRounds "8"]
[EventCountry "COL"]
[SourceTitle "CBM 206 Extra"]
[Source "ChessBase"]
[SourceDate "2022.03.31"]
[SourceVersion "1"]
[SourceVersionDate "2022.03.31"]
[SourceQuality "1"]

1. d4 c6 2. Nf3 g6 3. c4 Bg7 4. Nc3 d5 5. Bf4 Nf6 6. e3 0-0 7. h3 Be6 8. Ng5 Bf5 9. Be2 Nbd7 10. 0-0 h6 11. Nf3 dxc4 12. Bxc4 Nb6 13. Bb3 Nbd5 14. Be5 Qa5 15. Rc1 Rad8 16. Qe2 Nxc3 17. bxc3 Be4 18. Rfd1 c5 19. Nd2 Bc6 20. e4 Nh5 21. Bxg7 Kxg7 22. d5 Bb5 23. Qe3 Qc7 24. c4 Bd7 25. e5 f5 26. f4 e6 27. Nb1 b6 28. Nc3 Bc8 29. Rd2 a6 30. Bd1 Kh7 31. Bxh5 gxh5 32. Rcd1 Bb7 33. dxe6 Rxd2 34. Qxd2 Bc6 35. Qd6 Qc8 36. Qe7+ Kh8 37. Rd7 Bxd7 38. exd7 Qa8 39. Nd5 Rg8 40. e6 1-0

[Event "COL Subzt 2.3.4"]
[Site "Risarald"]
[Date "2021.11.25"]
[Round "4"]
[White "Gomez, Hernan Alberto"]
[Black "Jimenez Mendez, William"]
[Result "1-0"]
[WhiteElo "1827"]
[BlackElo "1548"]
[PlyCount "97"]
[EventDate "2021.11.23"]
[EventType "swiss"]
[EventRounds "9"]
[EventCountry "COL"]
[SourceTitle "CBM 205 Extra"]
[Source "ChessBase"]
[SourceDate "2022.01.31"]
[SourceVersion "1"]
[SourceVersionDate "2022.01.31"]
[SourceQuality "1"]

1. c4 e5 2. g3 Nc6 3. Bg2 f5 4. Nc3 Nf6 5. d3 Bb4 6. Bd2 a6 7. a3 Bc5 8. Nf3 d6 9. b4 Ba7 10. 0-0 0-0 11. e3 Rb8 12. Qb3 Kh8 13. a4 Bd7 14. Nd5 f4 15. exf4 exf4 16. Nxf4 Ng4 17. Bc3 Qe8 18. Rae1 Nce5 19. d4 Nxf3+ 20. Bxf3 Qd8 21. Bb2 c6 22. h3 Nf6 23. d5 Qc7 24. Re7 Rbe8 25. Rfe1 Qd8 26. Rxe8 Rxe8 27. Ne6 Bxe6 28. dxe6 Re7 29. Bxf6 gxf6 30. Qc3 Qf8 31. Bg4 Qg7 32. Bf5 Qg5 33. g4 Kg7 34. Rd1 Qf4 35. c5 d5 36. Rd4 Qe5 37. f4 Qe2 38. g5 Rxe6 39. Bxe6 Qxe6 40. Rd3 Kg6 41. Re3 Qf5 42. Re7 Bb8 43. Qxf6+ Qxf6 44. gxf6 Kxf6 45. Rxh7 Bxf4 46. Rxb7 d4 47. Kf1 Ke5 48. Ke2 Kd5 49. Kd3 1-0

[Event "COL Subzt 2.3.4"]
[Site "Risarald"]
[Date "2021.11.25"]
[Round "5"]
[White "Ospina Betancur, Santiago"]
[Black "Gomez, Hernan Alberto"]
[Result "0-1"]
[WhiteElo "1426"]
[BlackElo "1827"]
[PlyCount "70"]
[EventDate "2021.11.23"]
[EventType "swiss"]
[EventRounds "9"]
[EventCountry "COL"]
[SourceTitle "CBM 205 Extra"]
[Source "ChessBase"]
[SourceDate "2022.01.31"]
[SourceVersion "1"]
[SourceVersionDate "2022.01.31"]
[SourceQuality "1"]

1. e4 c6 2. d4 g6 3. Nc3 Bg7 4. Be2 d5 5. e5 h5 6. f4 Nh6 7. Be3 Qb6 8. Na4 Qa5+ 9. c3 Qc7 10. Nf3 Bg4 11. h3 Bxf3 12. Bxf3 Nf5 13. Bf2 h4 14. Bg4 Nd7 15. b3 e6 16. Nb2 c5 17. Bxf5 gxf5 18. c4 cxd4 19. Bxd4 Nb6 20. 0-0 dxc4 21. Rc1 Rd8 22. Qd2 Bf8 23. Qc3 Rxd4 24. Kh1 Rd7 25. bxc4 Rg8 26. Rf3 Bc5 27. Qe1 Qd8 28. Qa5 Rd2 29. Nd3 Rxd3 30. Rxd3 Qxd3 31. Qxc5 Qe4 32. Rg1 Rg3 33. Kh2 Qxf4 34. Qc7 Rxh3+ 35. Kxh3 Qg3# 0-1

[Event "COL Subzt 2.3.4"]
[Site "Risarald"]
[Date "2021.11.24"]
[Round "2"]
[White "Gomez, Hernan Alberto"]
[Black "Lopez Ramirez, David Santiago"]
[Result "0-1"]
[WhiteElo "1827"]
[BlackElo "2054"]
[PlyCount "70"]
[EventDate "2021.11.23"]
[EventType "swiss"]
[EventRounds "9"]
[EventCountry "COL"]
[SourceTitle "CBM 205 Extra"]
[Source "ChessBase"]
[SourceDate "2022.01.31"]
[SourceVersion "1"]
[SourceVersionDate "2022.01.31"]
[SourceQuality "1"]

1. c4 e6 2. Nf3 d5 3. d4 a6 4. g3 dxc4 5. Bg2 Nc6 6. Na3 Bb4+ 7. Bd2 Bxa3 8. bxa3 Nge7 9. Rc1 b5 10. 0-0 Bb7 11. Bc3 0-0 12. e4 a5 13. Re1 b4 14. Rb1 Qd6 15. Qc2 Rab8 16. axb4 axb4 17. e5 Qd5 18. Rxb4 Nxb4 19. Bxb4 Rfe8 20. Bxe7 Rxe7 21. Rb1 c5 22. dxc5 g6 23. Qc1 Qd8 24. Qxc4 Bd5 25. Qd3 Rxb1+ 26. Qxb1 Rb7 27. Qc1 Qb8 28. Nd2 Bxg2 29. Kxg2 Qxe5 30. Nb3 Qd5+ 31. Kg1 Ra7 32. Qc2 h5 33. h4 Qa8 34. Nc1 Qf3 35. Nb3 Rd7 0-1